[Event "RSA-chT Regions"]
[Site "Boksburg"]
[Date "2020.01.12"]
[Round "7.4"]
[White "Maluleke, Pfumelani"]
[Black "Mnguni, Jakob"]
[Result "0-1"]
[WhiteElo "1619"]
[BlackElo "2130"]
[PlyCount "90"]
[EventDate "2020.01.09"]
[EventType "team-swiss"]
[EventRounds "7"]
[EventCountry "RSA"]
[SourceTitle "CBM 194 Extra"]
[Source "ChessBase"]
[SourceDate "2020.03.31"]
[SourceVersion "1"]
[SourceVersionDate "2020.03.31"]
[SourceQuality "1"]
[WhiteTeam "Ehlanzeni"]
[BlackTeam "GTP Open"]
[WhiteTeamCountry "RSA"]
[BlackTeamCountry "RSA"]

1. d4 Nf6 2. Bf4 e6 3. e3 c5 4. Nf3 Be7 5. Bd3 Nc6 6. c3 Nh5 7. Be5 Nxe5 8. Nxe5 Nf6 9. Nd2 Rb8 10. g4 d6 11. g5 dxe5 12. gxf6 Bxf6 13. Qa4+ Bd7 14. Qxa7 cxd4 15. Ne4 0-0 16. Rg1 Bc6 17. Qc5 Bxe4 18. Bxe4 dxc3 19. Qxc3 Qb6 20. Qc2 h6 21. Ke2 Rfc8 22. Qd2 Rd8 23. Qc3 Qb5+ 24. Kf3 Be7 25. a4 Qc5 26. Qb3 Bf8 27. Rac1 Qe7 28. Rg3 Kh8 29. Rcg1 f5 30. Bb1 g5 31. Qc3 Bg7 32. Kg2 b6 33. h4 e4 34. Qb3 Be5 35. f4 exf3+ 36. Rxf3 Rd2+ 37. Rf2 Rxf2+ 38. Kxf2 g4 39. Rh1 Rd8 40. Bd3 Qb7 41. e4 fxe4 42. Qxe6 Bd4+ 43. Ke1 exd3 44. Qxh6+ Qh7 45. Qg5 Qe4+ 0-1

[Event "RSA-chT Regions"]
[Site "Boksburg"]
[Date "2020.01.10"]
[Round "4.4"]
[White "Ndlovu, Sizwe"]
[Black "Mnguni, Jakob"]
[Result "0-1"]
[WhiteElo "1853"]
[BlackElo "2130"]
[PlyCount "106"]
[EventDate "2020.01.09"]
[EventType "team-swiss"]
[EventRounds "7"]
[EventCountry "RSA"]
[SourceTitle "CBM 194 Extra"]
[Source "ChessBase"]
[SourceDate "2020.03.31"]
[SourceVersion "1"]
[SourceVersionDate "2020.03.31"]
[SourceQuality "1"]
[WhiteTeam "Johannesburg Black Bishops"]
[BlackTeam "GTP Open"]
[WhiteTeamCountry "RSA"]
[BlackTeamCountry "RSA"]

1. Nf3 c5 2. c4 Nc6 3. g3 e5 4. d3 g6 5. Bg2 Bg7 6. 0-0 Nge7 7. Nc3 0-0 8. Ne1 Rb8 9. Rb1 a6 10. a3 b5 11. Nd5 d6 12. Bg5 f6 13. Bd2 f5 14. Nc2 Be6 15. b4 bxc4 16. dxc4 e4 17. Bf4 Ne5 18. Bg5 Bxd5 19. Bxe7 Qxe7 20. Qxd5+ Qf7 21. Ne3 Qxd5 22. cxd5 Bh6 23. Nc2 Nc4 24. Rfd1 Bg7 25. f3 Nb2 26. Rf1 exf3 27. Bxf3 c4 28. e4 Rbe8 29. Rbe1 Nd3 30. Re2 f4 31. Bg4 Be5 32. Be6+ Kg7 33. gxf4 Nxf4 34. Ree1 Nxe6 35. dxe6 Rxe6 36. Rxf8 Kxf8 37. Kg2 Re8 38. Rd1 Rb8 39. a4 Ke7 40. Rd5 Bc3 41. b5 axb5 42. axb5 Be5 43. Nb4 Kd7 44. Nc6 Re8 45. h3 c3 46. Nb4 Rc8 47. Nd3 Bg7 48. e5 Bxe5 49. Nxe5+ Ke6 50. Rd1 Kxe5 51. Kf3 c2 52. Rc1 Kd4 53. Ke2 Ke5 0-1

[Event "RSA-chT Regions"]
[Site "Cape Town"]
[Date "2016.01.09"]
[Round "3.3"]
[White "Mnguni, Jakob"]
[Black "Baxter, David Jarred"]
[Result "1-0"]
[WhiteElo "2085"]
[BlackElo "1653"]
[PlyCount "38"]
[EventDate "2016.01.08"]
[EventType "team-swiss"]
[EventRounds "7"]
[EventCountry "RSA"]
[SourceTitle "CBM 170 Extra"]
[Source "ChessBase"]
[SourceDate "2016.02.25"]
[SourceVersion "1"]
[SourceVersionDate "2016.02.25"]
[SourceQuality "1"]
[WhiteTeam "Tshwane"]
[BlackTeam "Western Province Invitational"]
[WhiteTeamCountry "RSA"]
[BlackTeamCountry "RSA"]

1. Nf3 Nf6 2. g3 g6 3. c4 Bg7 4. Bg2 0-0 5. Nc3 c5 6. 0-0 Nc6 7. d4 cxd4 8. Nxd4 Qb6 9. Nb3 d6 10. h3 Ne5 11. Be3 Qb4 12. c5 Nc4 13. a3 Nxe3 14. axb4 Nxd1 15. Rfxd1 d5 16. Rd2 Rd8 17. e4 e6 18. Rad1 b6 19. exd5 e5 1-0